[Event "POL-chT 1st League 2020"]
[Site "Ustron"]
[Date "2020.09.09"]
[Round "5.5"]
[White "Boe, Mads"]
[Black "Milanowski, Jan"]
[Result "1-0"]
[WhiteElo "2284"]
[BlackElo "1751"]
[Annotator "TA"]
[PlyCount "135"]
[EventDate "2020.09.05"]
[EventType "team-tourn"]
[EventCountry "POL"]
[SourceTitle "playchess.com"]
[Source "ChessBase"]
[SourceQuality "1"]

{[%evp 9,135,29,55,36,36,36,29,35,27,30,38,29,42,43,37,33,40,29,68,39,66,26,49,29,35,8,18,13,48,33,31,31,35,20,26,0,54,0,24,-39,-8,-33,-31,-43,-33,-50,60,3,51,38,218,13,22,12,224,56,121,-23,-43,-43,98,-27,0,-48,-56,-199,17,23,122,137,115,134,128,113,106,0,317,312,308,308,295,271,259,226,223,212,331,321,311,305,947,407,431,348,449,351,449,449,442,424,441,446,527,432,410,389,533,533,506,468,764,797,698,554,5106,4133,29983,12835,5085,228,29969,29970,5065,1751,1318,775,5222,129]} 1. d4 c5 2. c3 cxd4 3. cxd4 Nf6 4. Nc3 g6 5. Nf3 d6 6. Bg5 {A43: Schmid Benoni.} Bg7 7. e3 h6 8. Bh4 {White has an edge.} g5 9. Bg3 Nh5 {[#]} 10. Bd3 $146 ({Predecessor:} 10. Bc4 Nxg3 11. hxg3 e6 12. Rc1 a6 13. Qc2 Nd7 14. Bd3 Nb6 15. Qb3 Nd7 16. Ne4 {½-½ (41) Bombek,P (2209)-Sikora Lerch,J (2260) Frydek Mistek 2008}) 10... a6 11. Rc1 Nxg3 12. hxg3 Nc6 13. Bb1 Qa5 14. a3 e6 15. Qd3 Bd7 16. O-O d5 17. Nd2 Qd8 18. Nb3 b6 19. Rfe1 Kf8 20. e4 Ne7 21. exd5 exd5 22. Qf3 Bc8 (22... h5 $11) 23. Ba2 (23. Re5 $14) 23... Qd6 24. Na1 ({White should play} 24. Nc5 $11 g4 25. Qe3 (25. N5e4 gxf3 26. Nxd6 Be6 $15) 25... bxc5 26. dxc5) 24... g4 25. Qe2 {Hoping for Nxd5!} Be6 26. Nc2 h5 27. Ne3 Bxd4 {[#]} (27... h4 $15 28. gxh4 g3) 28. Rcd1 (28. Bxd5 $1 $14 {[%mdl 512]} Nxd5 (28... Bxd5 29. Ncxd5) 29. Ncxd5) 28... Bxe3 (28... Bxc3 $5 29. bxc3 h4 $11) 29. Qxe3 Rd8 $2 ({Better is} 29... h4 $1 $14) 30. Qd4 $2 ({Only move:} 30. Qg5 $18) 30... Rh6 $11 31. Qd2 Rh8 $2 (31... Kg7 $1 $11) 32. Bb1 $2 (32. Qg5 $18) 32... h4 {[#]} (32... f5 $1 $14) 33. gxh4 (33. Ne4 $1 $16 {[%cal Re4d6][%mdl 512]} Qe5 (33... dxe4 34. Qxd6) 34. Ng5) 33... Rxh4 {Strongly threatening ...Qh2+.} 34. g3 Rh8 {[#]} (34... Rh5 $15 35. Ne2 Nc6) 35. Qd4 (35. Ne4 $1 $16 {[%cal Re4d6][%mdl 512]} Qe5 (35... dxe4 36. Qxd6) 36. Ng5) 35... Rh6 36. Ne4 Nf5 37. Qc3 (37. Nxd6 $15 Nxd4 38. Rxd4 Rxd6 39. Rc1) 37... Qb8 $2 (37... Qe7 $19 38. Qd2 Kg7 39. Qg5+ Qxg5 40. Nxg5 Bc8) 38. Ng5 $36 {[%mdl 2048] White has the initiative.} Qd6 (38... d4 $1 $11 {remains equal.} 39. Nxe6+ fxe6) 39. Nxe6+ $16 fxe6 40. Bxf5 $1 exf5 41. Re5 Qf6 42. Rexd5 (42. Rde1 $16 f4 43. Qb4+ Kg8 44. gxf4) 42... Re8 $2 {[%mdl 8192] Black is now going downhill.} (42... Rxd5 $11 43. Qxf6+ Rxf6 44. Rxd5 Ke7) 43. Qb4+ $18 Kg8 {And now ...Qh8 would win.} 44. Rd6 {[%mdl 64] Double Attack} Qh8 45. Qc4+ Kf8 {( -> ...Rh1+)} 46. Rxh6 Qxh6 47. Qxa6 {[%mdl 4096] Endgame KQR-KQR} f4 (47... Qf6 $142 48. Qb5 Qe6 49. Qb4+ Kg7) 48. gxf4 Qxf4 49. Qxb6 Qf3 $2 (49... g3 50. b4 Rb8 51. Qc5+ Kg8) 50. Qd6+ (50. Qb4+ $142 Kg8 51. Rd4) 50... Kg7 51. Qd4+ Kh6 52. Qd2+ Kg7 53. Re1 Rxe1+ 54. Qxe1 {aiming for Qc3+. KQ-KQ} Kg6 55. Qe6+ Kh5 56. Qe5+ Kg6 57. Qd4 Kh5 58. a4 {[%cal Ba3a4,Ba4a5][%mdl 32]} Qe2 59. Qd5+ Kh4 (59... Kg6 $142 60. Qc6+ Kg7) 60. b3 Qe1+ 61. Kg2 Qc3 62. a5 Qh3+ 63. Kg1 {Threatening mate with Qd8+.} Qc3 64. Qd8+ $2 (64. Qe6 {[%cal Re6h6]} Qa1+ 65. Kg2) 64... Kh5 $2 (64... Kh3 $18 65. Qd1 (65. Kf1 Qa1+ 66. Ke2 Qe5+ 67. Kd1 Qa1+ 68. Kc2 Qa2+ 69. Kc3 Qxf2 $11) 65... Qxa5) 65. Qe8+ Kh4 66. Qe3 (66. Qg6 $142 Qh8 67. a6) 66... Qa1+ 67. Kh2 {[%cal Re3h6]} Qxa5 68. Qh6+ {Accuracy: White = 53%, Black = 34%.} 1-0

[Event "POL-chT 1st League 2020"]
[Site "Ustron"]
[Date "2020.09.09"]
[Round "5.6"]
[White "Marcinczyk, Monika"]
[Black "Kubicka, Anna"]
[Result "1/2-1/2"]
[WhiteElo "1934"]
[BlackElo "2264"]
[Annotator "TA"]
[PlyCount "115"]
[EventDate "2020.09.05"]
[EventType "team-tourn"]
[EventCountry "POL"]
[SourceTitle "playchess.com"]
[Source "ChessBase"]
[SourceQuality "1"]

{[%evp 20,115,24,25,12,12,24,24,24,19,26,2,10,14,5,0,0,0,0,0,19,34,38,-20,-8,-12,24,-24,-5,-43,0,0,0,0,18,31,82,21,13,0,0,0,127,87,116,121,115,93,73,91,91,77,253,251,381,352,369,364,365,377,516,414,403,394,434,262,389,276,255,116,133,117,88,85,181,205,134,181,832,332,322,331,315,0,0,0,0,0,0,0,0,0,0,0,0,0,0,0]} 1. e4 c5 2. Nf3 d6 3. d4 cxd4 4. Nxd4 Nf6 5. Nc3 a6 6. Be2 e5 7. Nb3 Be7 8. O-O O-O 9. Be3 Be6 10. Qd2 b5 11. a4 b4 {B92: Sicilian Najdorf: 6 Be2.} 12. Nd5 Nxe4 13. Nxe7+ Qxe7 {White has an edge.} 14. Qxb4 Nf6 {[#]} 15. Rfd1 $146 ({Predecessor:} 15. Qh4 Qc7 16. c4 Nbd7 17. Nd2 Rab8 18. f4 exf4 19. Bd4 Ne5 20. Qxf4 Nfd7 21. Ra3 {1-0 (33) Zapata,A (2530)-Browne,W (2515) Linares 1992}) 15... Nd5 16. Qd2 Nxe3 17. Qxe3 Nc6 {[%cal Bb8c6,Bc6b4,Bb4d5,Bd5f4][%mdl 32]} 18. Qb6 Rfc8 $1 19. Bxa6 Rab8 20. Qe3 Rc7 {next ...Nb4 is good for Black.} 21. Rac1 ({Better is} 21. a5 $14) 21... Nb4 $1 $11 {[%cal Rb4a6]} 22. Bd3 f5 23. f3 g6 24. Re1 Qf7 {[%mdl 1024] Black has compensation.} 25. Nd2 Nd5 26. Qf2 Nf4 27. Bb5 Rbc8 (27... Bd7 $14) 28. c3 ({White should play} 28. Nb1 $16) 28... Bd7 $1 {[%cal Rd7b5]} 29. Qe3 Bxb5 30. axb5 Qd7 (30... Nd5 $11 31. Qd3 Nf4) 31. g3 Nh3+ 32. Kg2 {Qh6 is the strong threat.} f4 33. Qd3 {aiming for Ne4.} fxg3 34. hxg3 {And now Ne4 would win.} Ng5 35. Rh1 Rc5 $2 (35... d5 $16) 36. c4 $18 Qe6 (36... R5c7 $142 37. Qd5+ Qf7 38. Qxf7+ (38. Qxd6 $2 Rd7 $19) 38... Nxf7) 37. b4 R5c7 38. Qe3 Qf5 39. b6 Rf7 40. Ne4 Nxe4 41. Qxe4 Qg5 42. Rc2 Rcf8 (42... d5 $142 43. cxd5 (43. Qxd5 Rd8 $18) 43... Rxc2+ 44. Qxc2 Qe3) 43. Rf1 h5 44. Kh2 (44. Kh3 $18 {and White stays clearly on top.}) 44... h4 $16 45. Rg2 hxg3+ 46. Rxg3 Rh7+ {[#]} (46... Qd2+ $16 {was called for.} 47. Kg1 Rh7 48. Qd5+ (48. Qxg6+ Kh8 $11) 48... Qxd5 49. cxd5 Rb8) 47. Kg2 $1 $18 Qd2+ 48. Rf2 Qc1 $2 (48... Qd1 49. Qxg6+ Kh8) 49. Rh3 $2 (49. Qxg6+ Kh8 50. Rh3 Rxh3 51. Kxh3 Qh1+ 52. Rh2 Qxf3+ 53. Qg3) 49... Rf5 {[#]} 50. Qa8+ $1 Rf8 51. b7 $2 (51. Qd5+ $18 Kh8 52. Rxh7+ Kxh7 53. Qd2 (53. Qxd6 Rf5 $11) 53... Qxc4 54. Qxd6 {[%mdl 64] Double Attack}) 51... Qg5+ $11 {The position is equal.} 52. Rg3 Qh6 {[%csl Gh7][%cal Rh6h1]} 53. Kf1 $1 Qc1+ {[%mdl 64] Double Attack} 54. Ke2 Qxc4+ 55. Ke3 Qb3+ 56. Ke2 Qc2+ 57. Ke3 {Intending Qxf8+! and mate.} Qc3+ 58. Ke2 {White really could win this. Accuracy: White = 66%, Black = 63%.} 1/2-1/2

[Event "POL-chT 1st League 2020"]
[Site "Ustron"]
[Date "2020.09.09"]
[Round "5.7"]
[White "Plichta, Kamil"]
[Black "Kowalski, Igor"]
[Result "1-0"]
[WhiteElo "2383"]
[BlackElo "2397"]
[Annotator "TA"]
[PlyCount "119"]
[EventDate "2020.09.05"]
[EventType "team-tourn"]
[EventCountry "POL"]
[SourceTitle "playchess.com"]
[Source "ChessBase"]
[SourceQuality "1"]

{[%evp 9,119,0,21,-4,20,20,20,20,18,13,18,3,26,33,31,15,53,0,0,-2,24,17,64,0,0,-8,0,-37,-40,-34,-35,-48,0,0,26,0,154,0,21,-23,-50,-81,-33,-130,-122,-167,-152,-255,-256,-262,-177,-158,-154,-166,-160,-148,-128,-225,-231,-231,-241,-227,-214,-323,-315,-330,-166,-168,-167,-165,-53,-181,235,240,199,183,250,229,593,569,1384,799,1269,1239,772,771,839,764,750,739,696,684,667,0,617,517,655,649,599,576,522,447,631,568,5767,5763,5763,5752,5427,5422,4129,1606]} 1. Nf3 d5 2. g3 g6 3. Bg2 Bg7 4. c4 c6 5. Qa4 Nd7 {[#]} 6. d3 $146 {A11: English Opening: 1...c6.} ({Predecessor:} 6. cxd5 Nb6 7. Qb3 cxd5 8. O-O e6 9. a4 Ne7 10. a5 Nd7 11. d4 Nc6 12. Qa4 a6 {1-0 (43) Nakamura,H (2780)-Topalov,V (2749) Saint Louis 2017}) 6... Nb6 7. Qc2 e5 8. O-O {The position is equal.} Ne7 9. e4 O-O 10. Re1 d4 11. c5 Nd7 12. Nbd2 b6 13. cxb6 (13. b4 $14) 13... axb6 $11 14. b4 h6 15. a4 Ba6 16. Rb1 (16. Nb3 $14) 16... b5 17. a5 c5 18. bxc5 Qxa5 19. Bh3 Qc7 20. Nb3 Bb7 21. Bd2 f5 22. Nh4 (22. c6 $5 Nxc6 23. exf5 $14) 22... Nf6 $2 (22... fxe4 $1 $11 23. dxe4 g5) 23. f3 $2 ({Inferior is} 23. exf5 g5 $15) ({White has to play} 23. c6 $1 $16) 23... fxe4 24. fxe4 Bc8 25. Bg2 Be6 26. Ra1 ({Better is} 26. c6 $15) 26... Kh7 $17 27. Nf3 Nc6 28. Rec1 (28. h3 $17) 28... b4 $19 29. Qb2 Nd7 30. Be1 Qb7 31. Nfd2 Rxa1 32. Rxa1 Ra8 33. Nc4 (33. Bf3 $17) 33... Bxc4 34. dxc4 Rxa1 35. Qxa1 Bf8 36. Bf3 (36. Bf1 {might work better.}) 36... Nxc5 37. Bd1 Nxe4 (37... d3 $142 {And now ...Nxb3 would win.} 38. Qb2 Nxb3 39. Qxb3 Bc5+ 40. Kg2 Qd7) 38. Bf3 Ng5 39. Bd5 {Black must now prevent Qa4.} Qd7 (39... e4 $1 $19 {Threatens to win with ...Qc8.} 40. h4 Nf3+ 41. Kg2 Qc8 42. Bxe4 Nxh4+ $1 {[%mdl 512]} 43. Kg1 Nf5) 40. Qa4 (40. h4 $1 $15 Ne6 41. Qa4) 40... Nb8 $4 {[%mdl 8192] [#]} (40... Nh3+ $19 41. Kg2 Qg4 42. Bxc6 (42. Qxc6 $2 Nf4+ 43. Kg1 Nxd5 $19) 42... Nf4+ 43. Kg1 Qe2 44. gxf4 Qxe1+ 45. Kg2 Qe2+ 46. Kg1 exf4 47. Qa7+ Bg7 48. Nxd4 Qxc4) 41. Qxd7+ $1 $18 {White leaves nothing to chance now.} Nxd7 42. h4 Nb6 (42... Kg7 $142) 43. hxg5 Nxd5 $2 (43... hxg5 44. Kf2 g4) 44. cxd5 hxg5 45. Kf2 g4 46. Ke2 Kg7 47. Kd3 Kf6 48. Ke4 Bd6 49. Bd2 Be7 50. Bc1 Bf8 51. Bd2 Be7 $1 52. Nc1 {White is clearly winning.} Bf8 53. Nd3 b3 {intending ...Ba3.} 54. Bc1 Bd6 55. Bb2 Bc7 (55... Ke7 $142 56. Nf2 (56. Nxe5 $2 Bxe5 57. Kd3 Kd6 $19) 56... Bb4) 56. Ba3 Bb8 57. d6 Ba7 58. d7 Bb6 59. Nc5 b2 60. Bxb2 {Accuracy: White = 61%, Black = 49%.} 1-0

[Event "POL-chT 1st League 2020"]
[Site "Ustron"]
[Date "2020.09.09"]
[Round "5.8"]
[White "Chylewski, Patryk"]
[Black "Lewtak, Damian"]
[Result "1/2-1/2"]
[WhiteElo "2324"]
[BlackElo "2377"]
[Annotator "TA"]
[PlyCount "93"]
[EventDate "2020.09.05"]
[EventType "team-tourn"]
[EventCountry "POL"]
[SourceTitle "playchess.com"]
[Source "ChessBase"]
[SourceQuality "1"]

{[%evp 20,93,40,39,54,58,51,52,60,43,64,51,51,84,70,59,52,43,89,83,99,88,80,68,91,16,20,9,27,0,0,0,33,0,0,0,0,0,0,0,0,0,0,0,9,0,0,0,69,-86,-72,-78,52,22,27,43,24,19,26,11,13,13,58,0,0,0,0,0,0,0,0,-79,0,0,0,0]} 1. d4 Nf6 2. c4 g6 3. Nc3 Bg7 4. e4 d6 5. f3 O-O 6. Nge2 c5 7. d5 a6 8. a4 e6 9. Ng3 exd5 10. cxd5 Nbd7 11. Be2 Re8 {A65: Modern Benoni: 6 e4.} 12. O-O h5 13. Bg5 Qb6 {White is slightly better.} 14. Qd2 Nh7 15. Be3 f5 {[#]} 16. a5 $146 ({Predecessor:} 16. Rfe1 h4 17. Nh1 fxe4 18. fxe4 Bd4 19. Nf2 Nhf6 20. a5 Qb4 21. Qc2 b5 22. Bxd4 Qxd4 {1-0 (63) Volovich,J (1726)-Howell,O (1847) Caleta 2019}) 16... Qd8 17. Rfe1 h4 18. Nf1 b5 19. axb6 $1 Qxb6 20. exf5 gxf5 21. Bf2 Rb8 22. Rab1 (22. Ra2 $16) 22... Qb4 $11 23. Ne3 Qf4 24. g3 (24. Nc4 $5 {[%cal Rd2f4]} Qxd2 25. Nxd2 $11) 24... Qd4 25. Qc1 Qf6 26. f4 hxg3 27. hxg3 Qg6 $1 28. Bd3 Ndf6 {And now ...Ne4 would win.} 29. Qc2 {[%cal Re3f5]} Ne4 {...Bd4 is the strong threat.} 30. Nxf5 $1 Bxf5 31. Nxe4 {Threatens to win with Nf6+!} (31. Bxe4 $2 Rxe4 $1 {[%mdl 512]} 32. Nxe4 Rb4 $19) 31... Rf8 32. Re2 Rb4 33. b3 Bd4 (33... a5 $11) 34. Kg2 $2 (34. Bxd4 $14 {stays ahead.} Rxd4 35. Rbe1) 34... Bxf2 $1 $17 35. Nxf2 ({Not} 35. Kxf2 $2 Ng5 $1 $19 {[%mdl 512]}) 35... Bxd3 ({Black should play} 35... Rxf4 $1 $17 36. Bxf5 R8xf5) 36. Qxd3 (36. Nxd3 {with more complications.} Rb7 37. Re6 Nf6 38. Nb4 Qg4 39. Nc6) 36... Qxd3 37. Nxd3 Rd4 38. Nf2 Nf6 39. Ra1 Nxd5 40. Rxa6 Rb8 41. Nh3 (41. Ne4 $14) 41... Rxb3 $11 {Strongly threatening ...Rdd3.} 42. Ra8+ Kg7 {Hoping for ...Rdd3.} 43. Ra7+ Kf6 {aiming for ...Ne3+.} 44. Ng5 Ne3+ 45. Kf3 (45. Kf2 $11 {remains equal.} Rdd3 46. Ne4+ Kg6 47. Ra6) 45... Rdd3 ({Black should try} 45... Nf5+ $17 46. Kg4 Rxg3+ 47. Kh5 {[#]} Rh3+ $1 {[%mdl 512]} 48. Nxh3 Ng3+ {[%mdl 64] Double Attack} 49. Kg4 Nxe2) 46. Ne4+ Kg6 {White must now prevent ...Nf5+.} 47. Nf2 {Accuracy: White = 74%, Black = 78%.} 1/2-1/2

[Event "POL-chT 1st League 2020"]
[Site "Ustron"]
[Date "2020.09.09"]
[Round "5.9"]
[White "Budrewicz, Krzysztof"]
[Black "Kokoszczynski, Jan"]
[Result "1-0"]
[WhiteElo "2227"]
[BlackElo "2231"]
[Annotator "TA"]
[PlyCount "75"]
[EventDate "2020.09.05"]
[EventType "team-tourn"]
[EventCountry "POL"]
[SourceTitle "playchess.com"]
[Source "ChessBase"]
[SourceQuality "1"]

{[%evp 9,75,46,71,17,20,18,19,23,34,14,27,8,25,20,27,-14,0,0,0,-14,0,-22,0,0,31,25,25,12,16,10,97,128,345,321,438,378,765,756,683,687,593,307,307,307,302,310,441,120,367,352,508,264,547,527,577,569,551,489,539,464,1649,1570,29990,29991,29989,3602,29990,2872]} 1. d4 d5 2. c4 dxc4 3. e4 Nf6 4. e5 Nd5 5. Bxc4 Bf5 6. Nf3 {D20: Queen's Gambit Accepted: 3 e3 and 3 e4.} (6. Qb3 $16 e6 7. Qxb7) 6... e6 $11 7. O-O Be7 8. Nc3 {[#] The position is equal.} Nxc3 $146 ({Predecessor:} 8... Nb6 9. Bb3 c6 10. Be3 O-O 11. Ne1 Nd5 12. Nxd5 cxd5 13. Nd3 Nc6 14. g4 Be4 {0-1 (34) Yeletsky,I (2409)-Popov,I (2581) Moscow 2019}) 9. bxc3 O-O 10. Qe2 c5 11. Rd1 Nc6 12. dxc5 Qc7 13. Nd4 Bg6 14. Bf4 Bxc5 15. h4 Na5 16. Bd3 Bxd4 17. cxd4 Rac8 18. h5 Bxd3 19. Qxd3 Qc2 (19... Nc6 $11) 20. Qg3 $1 $16 {Black is on the road to losing.} Rc3 $2 (20... Kh8 $16) 21. Qg4 $18 f5 22. Qg5 Nc6 $2 (22... Qe2 23. h6 Rc7) 23. h6 {[%csl Gh6][%cal Rg5g7]} g6 {[#]} 24. d5 $1 {[%cal Rd5c6]} exd5 25. Rxd5 {aiming for Rd6.} Rd3 26. Rd6 Rxd6 27. exd6 Qe2 {[#]} (27... Qd3 $142 28. Re1 b5) 28. Rc1 $2 $40 {[%mdl 128] White has strong attack.} (28. Qg3 $1 $18 {[%cal Rg3c3] and the rest is easy.} Qc4 29. Re1) 28... Qe6 $2 (28... Qxa2 $16 29. Rd1 Qe2) 29. Rd1 Rd8 (29... Qe2 {keeps fighting.} 30. Rd2 Qg4) 30. a3 Rd7 $2 (30... Qe2 31. Rc1 Qe8) 31. Qg3 Kf7 32. Qc3 {Black must now prevent Qg7+.} Qf6 33. Qc1 a5 34. g3 Qe6 (34... g5 $142) 35. Re1 Qb3 36. Qa1 {[%csl Gh6][%cal Ra1g7]} Kg8 37. Re8+ Kf7 38. Re3 {Accuracy: White = 69%, Black = 41%.} (38. Qh8 $142 Qd1+ 39. Kh2 Qxd6 {[%mdl 64] Remove Defender} 40. Bxd6 Re7 41. Rxe7+ Nxe7 42. Qxh7+ Ke6 43. Qxe7+ {[%mdl 64] Double Attack} Kd5 44. h7) 1-0

[Event "POL-chT 1st League 2020"]
[Site "Ustron"]
[Date "2020.09.09"]
[Round "5.10"]
[White "Praczukowski, Stanislaw"]
[Black "Reza, Wojciech"]
[Result "1/2-1/2"]
[WhiteElo "2173"]
[BlackElo "2273"]
[Annotator "TA"]
[PlyCount "55"]
[EventDate "2020.09.05"]
[EventType "team-tourn"]
[EventCountry "POL"]
[SourceTitle "playchess.com"]
[Source "ChessBase"]
[SourceQuality "1"]

{[%evp 21,55,22,42,36,41,30,33,25,27,34,61,60,56,60,97,41,86,76,71,22,34,0,20,5,5,0,0,0,0,0,0,0,0,0,10,7]} 1. e4 e5 2. Nf3 Nc6 3. Bb5 a6 4. Ba4 Nf6 5. O-O Be7 6. Re1 b5 7. Bb3 d6 8. c3 O-O 9. h3 Nb8 10. d4 Nbd7 11. c4 Bb7 12. Nc3 {C95: Closed Ruy Lopez: Breyer Variation with 10 d4.} c6 13. Qc2 Re8 14. a3 {White is slightly better.} Bf8 {[#]} 15. dxe5 $146 ({Predecessor:} 15. Bg5 h6 16. Bh4 g5 17. Bg3 Nh5 18. Bh2 Nf4 19. Rad1 Qe7 20. Ba2 Bg7 21. b4 {1-0 (42) Alekseenko,K (2644)-Fernandes,A (2405) Skopje 2019}) 15... Nxe5 16. Nxe5 dxe5 17. Bg5 Qe7 18. Rad1 (18. Re3 $16) 18... Red8 19. cxb5 axb5 20. Rxd8 Rxd8 21. Rd1 h6 {The position is equal.} 22. Be3 Rxd1+ 23. Qxd1 b4 24. axb4 Qxb4 25. Qc2 c5 26. Bd5 Nxd5 27. Nxd5 Bxd5 28. exd5 {Accuracy: White = 76%, Black = 74%.} 1/2-1/2

[Event "POL-chT 1st League 2020"]
[Site "Ustron"]
[Date "2020.09.09"]
[Round "5.11"]
[White "Renkowski, Piotr"]
[Black "Redzisz, Michal"]
[Result "1/2-1/2"]
[WhiteElo "2149"]
[BlackElo "2164"]
[Annotator "TA"]
[PlyCount "30"]
[EventDate "2020.09.05"]
[EventType "team-tourn"]
[EventCountry "POL"]
[SourceTitle "playchess.com"]
[Source "ChessBase"]
[SourceQuality "1"]

{[%evp 21,30,0,0,0,0,-16,1,-10,-11,-20,-2]} 1. e4 c6 2. c4 d5 3. cxd5 cxd5 4. exd5 Nf6 5. Nc3 Nxd5 6. Nf3 Nc6 7. Bc4 Nb6 8. Bb3 Bf5 9. d4 e6 10. O-O Be7 11. Be3 O-O {The position is equal.} 12. Ne5 {B10: Caro-Kann: 2 d3 and 2 c4.} Rc8 {[#]} 13. f4 $146 ({Predecessor:} 13. g4 Nxe5 14. gxf5 Nec4 15. fxe6 f5 16. d5 Bd6 17. Qh5 Ne5 18. f4 Ng4 19. Bd4 Nc4 {1-0 (41) Lee,M (2420)-Tiglon,B (2281) Redmond 2016}) 13... Nd5 14. Nxd5 (14. Bxd5 $5 exd5 15. g4 $11) 14... exd5 15. Rc1 Qd6 {Not much happened in this game.} 1/2-1/2

[Event "POL-chT 1st League 2020"]
[Site "Ustron"]
[Date "2020.09.09"]
[Round "5.12"]
[White "Moscicka, Pola"]
[Black "Dwilewicz, Katarzyna"]
[Result "1/2-1/2"]
[WhiteElo "1880"]
[BlackElo "2134"]
[Annotator "TA"]
[PlyCount "81"]
[EventDate "2020.09.05"]
[EventType "team-tourn"]
[EventCountry "POL"]
[SourceTitle "playchess.com"]
[Source "ChessBase"]
[SourceQuality "1"]

{[%evp 17,81,9,14,0,0,0,0,-17,-8,-8,-10,-10,-3,-14,-16,-19,-16,-21,-20,-21,-10,-9,-11,-7,-1,-28,-29,-38,0,-15,0,-18,-17,-11,-39,-56,0,0,0,0,0,-4,0,-6,0,0,0,0,0,0,0,-27,0,0,0,-16,0,0,0,0,0,0,0,0,0,0]} 1. d4 d5 2. c4 e6 3. Nf3 Nf6 4. g3 dxc4 5. Bg2 c5 6. O-O Nc6 7. Qa4 Bd7 8. Qxc4 cxd4 9. Nxd4 Rc8 10. Nxc6 {E04: Open Catalan: 5 Nf3.} Bxc6 11. Bxc6+ Rxc6 12. Qa4 Bc5 13. Nc3 O-O 14. Bg5 Qd4 15. Rad1 Qxa4 16. Nxa4 Be7 17. Nc3 h6 {[#]} 18. Be3 $146 ({Predecessor:} 18. Bxf6 Bxf6 19. Rd7 Rb6 20. Rd2 Rc8 21. Nd1 Rd8 22. Rxd8+ Bxd8 23. b3 Ra6 24. Ne3 Rxa2 {½-½ (42) Onkoud,A (2326)-Serafimov,T (2268) Clichy 2003}) 18... a6 19. Rd3 b5 {[%cal Bb7b5,Bb5b4][%mdl 32]} 20. Rfd1 Rfc8 21. Bd4 Nd7 22. Ne4 Nf8 23. Bc3 f6 24. Kg2 b4 25. Bd4 $1 Rc2 26. R1d2 Kf7 (26... f5 $15 27. Rxc2 Rxc2) 27. Be3 $11 Rxd2 28. Rxd2 Rc6 {[#] Strongly threatening ...f5.} 29. f4 a5 (29... f5 $5 30. Nf2 $8 g5 $11) 30. Kf3 Ke8 (30... f5 $5 31. Nf2 $8 g5 $11) 31. g4 Nd7 32. Nf2 Nb6 {next ...Nc4 is good for Black.} 33. Bxb6 Rxb6 {[%mdl 4096] Endgame KRB-KRN} 34. e4 Rc6 35. Nd3 {The position is equal.} Bd8 36. e5 Bb6 37. exf6 gxf6 38. h4 Bd8 39. Nf2 Be7 40. Ne4 f5 41. gxf5 {Accuracy: White = 96%, Black = 89%.} 1/2-1/2

[Event "POL-chT 1st League 2020"]
[Site "Ustron"]
[Date "2020.09.09"]
[Round "5.13"]
[White "Kuzmicz, Krystian"]
[Black "Szpar, Milosz"]
[Result "1/2-1/2"]
[WhiteElo "2468"]
[BlackElo "2397"]
[Annotator "TA"]
[PlyCount "33"]
[EventDate "2020.09.05"]
[EventType "team-tourn"]
[EventCountry "POL"]
[SourceTitle "playchess.com"]
[Source "ChessBase"]
[SourceQuality "1"]

{[%evp 9,33,-52,-43,-35,-42,-46,-11,-24,-21,-31,-17,-29,-3,-8,-5,-22,0,0,0,0,0,-7,9,-22,-20,-18]} 1. g3 e5 2. Bg2 d5 3. c3 Nf6 4. d4 Nbd7 5. Nh3 c6 6. O-O {A00: Irregular Openings.} Bd6 7. f3 O-O 8. e4 dxe4 9. fxe4 Re8 10. Nd2 Nf8 11. Nf2 $1 {[#] The position is equal.} Be6 $146 ({Predecessor:} 11... Ng6 12. Nc4 Bc7 13. Bg5 h6 14. Bxf6 Qxf6 15. d5 Rd8 16. Qe2 Qg5 17. Kh1 h5 {1-0 (34) Hoogendoorn,J (2320)-Hauchard,A (2485) Antwerp 1997}) 12. Nf3 Bc4 13. Re1 Ng6 14. Be3 h6 15. Qc2 Qc7 16. Rad1 a5 17. b3 {Accuracy: White = 90%, Black = 89%.} 1/2-1/2